[Event "Muret Seniors op"]
[Site "Muret"]
[Date "2014.06.28"]
[Round "6"]
[White "Fabre, Pierre"]
[Black "Hazarabedian, Guy"]
[Result "1/2-1/2"]
[WhiteElo "1392"]
[BlackElo "1381"]
[PlyCount "73"]
[EventDate "2014.06.23"]
[EventType "swiss"]
[EventRounds "6"]
[EventCountry "FRA"]
[SourceTitle "EXT 2015"]
[Source "ChessBase"]
[SourceDate "2014.11.20"]
[SourceVersion "1"]
[SourceVersionDate "2014.11.20"]
[SourceQuality "1"]

1. d4 d5 2. Nf3 Nf6 3. c4 c6 4. Nc3 e6 5. Bg5 Be7 6. e3 Nbd7 7. cxd5 exd5 8. Rc1 0-0 9. Bd3 Re8 10. 0-0 Nf8 11. h3 Ne6 12. Bxf6 Bxf6 13. Qc2 Nf8 14. a3 Bd7 15. b4 a6 16. Rfe1 Qc7 17. Na4 Be7 18. e4 dxe4 19. Bxe4 Qd6 20. Qc5 Qh6 21. Qc3 Rab8 22. Ne5 Be6 23. Nc5 Bg5 24. Rcd1 Red8 25. Nxe6 Nxe6 26. Bf3 Nf4 27. Be4 Nd5 28. Qf3 Qf6 29. Qxf6 Bxf6 30. Bxd5 Rxd5 31. Nf3 g6 32. Kf1 Rbd8 33. Re4 b6 34. Ke2 c5 35. bxc5 bxc5 36. Ke3 cxd4+ 37. Nxd4 1/2-1/2

[Event "Muret Seniors op"]
[Site "Muret"]
[Date "2014.06.24"]
[Round "2"]
[White "Fabre, Pierre"]
[Black "Moruzzi, Gerard"]
[Result "0-1"]
[WhiteElo "1392"]
[BlackElo "1675"]
[PlyCount "54"]
[EventDate "2014.06.23"]
[EventType "swiss"]
[EventRounds "6"]
[EventCountry "FRA"]
[SourceTitle "EXT 2015"]
[Source "ChessBase"]
[SourceDate "2014.11.20"]
[SourceVersion "1"]
[SourceVersionDate "2014.11.20"]
[SourceQuality "1"]

1. Nf3 Nf6 2. d4 e6 3. c4 c5 4. Bg5 cxd4 5. Qxd4 Be7 6. Nbd2 Nc6 7. Qh4 h6 8. Be3 Nb4 9. Kd1 Nfd5 10. Qe4 f5 11. Qd4 Bf6 12. Ne5 Nc6 13. Nxc6 dxc6 14. Qd3 Nxe3+ 15. fxe3 Bxb2 16. Qxd8+ Kxd8 17. Rb1 Bf6 18. Nf3 c5 19. g3 Kc7 20. Bg2 g5 21. h3 Bd7 22. Nd2 Rab8 23. Rf1 Rhd8 24. Re1 Bc3 25. Rc1 Bxd2 26. Kxd2 Bc6+ 27. Kc3 Bxg2 0-1

[Event "Muret Seniors op"]
[Site "Muret"]
[Date "2014.06.23"]
[Round "1"]
[White "Darrigues, Alain"]
[Black "Fabre, Pierre"]
[Result "1-0"]
[WhiteElo "1831"]
[BlackElo "1392"]
[PlyCount "69"]
[EventDate "2014.06.23"]
[EventType "swiss"]
[EventRounds "6"]
[EventCountry "FRA"]
[SourceTitle "EXT 2015"]
[Source "ChessBase"]
[SourceDate "2014.11.20"]
[SourceVersion "1"]
[SourceVersionDate "2014.11.20"]
[SourceQuality "1"]

1. d4 Nf6 2. c4 e6 3. Nc3 Bb4 4. e3 d5 5. Bd3 Nbd7 6. Nf3 0-0 7. 0-0 c5 8. a3 Bxc3 9. bxc3 b6 10. cxd5 exd5 11. a4 c4 12. Bf5 Re8 13. Ba3 Nf8 14. Bxc8 Rxc8 15. Qc2 Ne4 16. Rae1 Ng6 17. Nd2 Qd7 18. Bc1 a6 19. f3 Nd6 20. Ba3 Re6 21. Bxd6 Qxd6 22. e4 dxe4 23. fxe4 b5 24. axb5 axb5 25. e5 Qb6 26. Qf5 Rf8 27. Kh1 Ne7 28. Qf3 Qd8 29. Rb1 Qd7 30. Ne4 Nd5 31. Nc5 Qc8 32. Qxd5 Rd8 33. Qb7 Qxb7 34. Nxb7 Rb6 35. Nxd8 1-0

[Event "FRA-ch op-D"]
[Site "Pau"]
[Date "2012.08.15"]
[Round "2"]
[White "Arpinon, Jack"]
[Black "Fabre, Pierre"]
[Result "0-1"]
[WhiteElo "1499"]
[BlackElo "1433"]
[PlyCount "109"]
[EventDate "2012.08.14"]
[EventType "swiss"]
[EventRounds "11"]
[EventCountry "FRA"]
[SourceTitle "EXT 2014"]
[Source "ChessBase"]
[SourceDate "2013.11.20"]
[SourceVersion "1"]
[SourceVersionDate "2013.11.20"]
[SourceQuality "1"]

1. e4 c5 2. Nf3 d6 3. d4 cxd4 4. Nxd4 e5 5. Nb3 Nf6 6. Nc3 a6 7. Bg5 Be6 8. Bxf6 Qxf6 9. Nd5 Bxd5 10. Qxd5 Nc6 11. 0-0-0 Be7 12. Kb1 Qxf2 13. Rd2 Qf6 14. Bc4 0-0 15. Rf1 Qg6 16. Rdf2 Bf6 17. Nd2 Rab8 18. a3 Rfd8 19. g3 Ne7 20. Qd3 b5 21. Bb3 Rbc8 22. Nf3 d5 23. Nh4 Qxe4 24. Qxe4 dxe4 25. Ng2 Rc6 26. Ne3 Rcd6 27. Ka2 Nc6 28. c3 R8d7 29. h4 Rd2 30. g4 Rxf2 31. Rxf2 Bxh4 32. Rf1 Bg5 33. Nf5 Bf4 34. Re1 g6 35. Ne3 Kg7 36. Ng2 Rd2 37. Nxf4 exf4 38. Rxe4 f3 39. Rf4 Ne5 40. g5 Rd7 41. a4 bxa4 42. Bxa4 Re7 43. b4 h6 44. gxh6+ Kxh6 45. b5 axb5 46. Bxb5 Kg5 47. Rd4 Kf5 48. Bf1 g5 49. c4 g4 50. Kb2 g3 51. Bh3+ Kg5 52. c5 g2 53. Rd1 Kh4 54. Bc8 Kg3 55. Rc1 0-1

[Event "Muret Veterans op"]
[Site "Muret"]
[Date "2009.06.18"]
[Round "4"]
[White "Fabre, Pierre"]
[Black "Mauduit, Emile"]
[Result "1/2-1/2"]
[WhiteElo "1390"]
[BlackElo "1499"]
[PlyCount "95"]
[EventDate "2009.06.15"]
[EventType "swiss"]
[EventRounds "7"]
[EventCountry "FRA"]
[SourceTitle "EXT 2010"]
[Source "ChessBase"]
[SourceDate "2010.11.25"]
[SourceVersion "1"]
[SourceVersionDate "2010.11.25"]
[SourceQuality "1"]

1. d4 d5 2. c4 c6 3. Nc3 Nf6 4. Nf3 dxc4 5. a4 a6 6. Bf4 Bd7 7. h3 e6 8. e3 b5 9. axb5 cxb5 10. Be2 Bb4 11. 0-0 0-0 12. Qc2 h6 13. Rfc1 Bxc3 14. bxc3 Bc6 15. Qd1 Nbd7 16. Ne5 Nxe5 17. Bxe5 Bd5 18. Bf3 Bxf3 19. Qxf3 Nh7 20. Qg3 Qg5 21. h4 Qxg3 22. fxg3 Rfe8 23. Rf1 Re7 24. Bd6 Rd7 25. Bc5 Nf6 26. Rf4 Nd5 27. Bb4 Nxf4 28. gxf4 Kh7 29. Kf2 Rda7 30. Bc5 Rd7 31. g3 f5 32. Kf3 h5 33. e4 g6 34. e5 a5 35. Ke3 Kg7 36. Kd2 Kf7 37. Ke3 Ke8 38. Kd2 Rb7 39. Kc2 Kd7 40. Kd2 Kc6 41. Ra2 Kd5 42. Ke3 Rc7 43. Bb6 Rb7 44. Bc5 a4 45. Ra3 Rc7 46. Bb4 Rc6 47. Be7 Rb8 48. Bb4 1/2-1/2

[Event "Muret Veterans op"]
[Site "Muret"]
[Date "2009.06.17"]
[Round "3"]
[White "Rouede, Gilbert"]
[Black "Fabre, Pierre"]
[Result "1-0"]
[WhiteElo "1811"]
[BlackElo "1390"]
[PlyCount "41"]
[EventDate "2009.06.15"]
[EventType "swiss"]
[EventRounds "7"]
[EventCountry "FRA"]
[SourceTitle "EXT 2010"]
[Source "ChessBase"]
[SourceDate "2010.11.25"]
[SourceVersion "1"]
[SourceVersionDate "2010.11.25"]
[SourceQuality "1"]

1. e4 c5 2. Nf3 d6 3. d4 cxd4 4. Nxd4 Nf6 5. Nc3 a6 6. Be3 e6 7. f3 Nc6 8. Qd2 Be7 9. 0-0-0 0-0 10. g4 Nxd4 11. Bxd4 e5 12. Be3 Ne8 13. h4 b5 14. g5 f5 15. Qd5+ Be6 16. Qxe6+ Kh8 17. Nd5 f4 18. Bb6 Qc8 19. Qxe7 Kg8 20. Bh3 Qc6 21. Be6+ 1-0

[Event "Muret Seniors op"]
[Site "Muret"]
[Date "2003.06.17"]
[Round "2"]
[White "Fabre, Pierre"]
[Black "Gremy, Paul"]
[Result "1/2-1/2"]
[WhiteElo "1430"]
[BlackElo "1590"]
[PlyCount "114"]
[EventDate "2003.06.16"]
[EventType "swiss"]
[EventRounds "7"]
[EventCountry "FRA"]
[SourceTitle "EXT 2004"]
[Source "ChessBase"]
[SourceDate "2003.11.25"]
[SourceVersion "1"]
[SourceVersionDate "2003.11.25"]
[SourceQuality "1"]

1. d4 e5 2. d5 Nf6 3. Nc3 Bb4 4. Bd2 c6 5. e4 cxd5 6. exd5 0-0 7. f3 e4 8. fxe4 Re8 9. Bd3 Bxc3 10. Bxc3 Nxd5 11. Qd2 Nxc3 12. Qxc3 d5 13. 0-0-0 Qa5 14. Qd2 Qxd2+ 15. Rxd2 dxe4 16. Bxe4 Nc6 17. Bxc6 Re1+ 18. Rd1 Rxd1+ 19. Kxd1 bxc6 20. Ne2 Bg4 21. h3 Rd8+ 22. Ke1 Bh5 23. g4 Bg6 24. c3 Bc2 25. Kf2 f5 26. Re1 fxg4 27. hxg4 c5 28. Rc1 Ba4 29. b3 Bc6 30. c4 Rf8+ 31. Kg3 Rf3+ 32. Kh4 Rf2 33. Re1 h6 34. Nc3 g5+ 35. Kg3 Rf3+ 36. Kh2 Rxc3 37. Re6 Rc2+ 38. Kg3 Bh1 39. Rxh6 Kg7 40. Rxh1 Rxa2 41. Rb1 a5 42. Kf3 Ra3 43. Ke4 Kf6 44. Kd5 a4 45. bxa4 Rxa4 46. Rb6+ Ke7 47. Kxc5 Kd7 48. Kb5 Ra1 49. Rg6 Rb1+ 50. Kc5 Ra1 51. Rd6+ Kc7 52. Rg6 Ra5+ 53. Kb4 Re5 54. Rg7+ Kc6 55. Rg6+ Kc7 56. Rg7+ Kc6 57. Rg6+ Kc7 1/2-1/2